00345nam a2200121Ia 4500008004100000041000800041082001200049100002200061245004400083260002800127300001900155520004900174240719s9999 xx 000 0 und d aeng a658 CAB aCabral M. B. Luis aIntroduction To Industrial Organization aUSAbPHI Learningc2000 a354.; P. 24 Cm aGifted By : IMT Faculty Prof. Sayan Banerjee